[Event "Team Russia"]
[Site "Petergof"]
[Date "2015.08.02"]
[Round "2.21"]
[White "Shubin, Kirill"]
[Black "Ermolaev, Evgeny"]
[Result "0-1"]
[WhiteElo "2216"]
[BlackElo "2296"]
[PlyCount "116"]
[EventDate "2015.08.??"]
[EventType "team-swiss"]

1. e4 c5 2. Nf3 d6 3. c3 Nf6 4. Be2 g6 5. O-O Bg7 6. Re1 O-O 7. Bf1 Nc6 8. h3
e5 9. d4 h6 10. dxc5 dxc5 11. Qc2 Be6 12. Be3 Nd7 13. Na3 Qe7 14. Rad1 Rac8 15.
Bc4 Nd4 16. cxd4 cxd4 17. Qd3 dxe3 18. Rxe3 Nc5 19. Qf1 Rfd8 20. Rc1 h5 21.
Bxe6 Qxe6 22. Rc4 Bf8 23. Rec3 Nxe4 24. Rxe4 Rxc3 25. bxc3 Bxa3 26. Qe2 Bd6 27.
Nxe5 f5 28. Re3 Bc5 29. Rg3 Re8 30. Qxh5 Qxe5 31. Qxg6+ Kf8 32. Rf3 f4 33. g3
Re6 34. Qg4 Rf6 35. Qc8+ Kg7 36. Qxb7+ Rf7 37. Qb3 Qe1+ 38. Kg2 Qe4 39. g4 Rb7
40. Qd1 Rb2 41. Qd7+ Kg6 42. Kh2 Qxf3 43. Qf5+ Kg7 44. Qd7+ Kf6 45. Qf5+ Ke7
46. Qxc5+ Ke6 47. Qc8+ Kd6 48. Qd8+ Kc5 49. Qc7+ Qc6 50. Qe5+ Kb6 51. Qb8+ Qb7
52. Qd6+ Kb5 53. Qd4 Qb6 54. c4+ Ka6 55. c5 Qb4 56. Qd6+ Kb5 57. Qd7+ Kc4 58.
Qf7+ Kc3 0-1

[Event "Team Russia"]
[Site "Petergof"]
[Date "2015.08.02"]
[Round "2.22"]
[White "Shilyaev, Fedor"]
[Black "Obodenko, Amir"]
[Result "1-0"]
[WhiteElo "2148"]
[BlackElo "1970"]
[PlyCount "75"]
[EventDate "2015.08.??"]
[EventType "team-swiss"]

1. e4 e6 2. d4 d5 3. Nc3 Nf6 4. e5 Nfd7 5. Nf3 c5 6. dxc5 Bxc5 7. Bd3 Nc6 8.
Bf4 Qb6 9. O-O Qxb2 10. Nb5 Nb6 11. Rb1 Qxa2 12. Ra1 Qb2 13. Qe2 Qb4 14. g3 Bf8
15. Rfb1 Qc5 16. Be3 d4 17. Nfxd4 Nd5 18. Nb3 Qe7 19. c4 Nxe3 20. Qxe3 f6 21.
exf6 gxf6 22. c5 Bg7 23. Nd6+ Kf8 24. Nd2 f5 25. Ra4 h5 26. Nf3 Bf6 27. h4 Rh7
28. Re1 Nd8 29. Qf4 Qc7 30. Bxf5 exf5 31. Re8+ Kg7 32. Nxf5+ Kg6 33. Rg8+ Kf7
34. Rg7+ Bxg7 35. Qxc7+ Kg6 36. Qxd8 Bf6 37. Qe8+ Rf7 38. Nd6 1-0

[Event "Team Russia"]
[Site "Petergof"]
[Date "2015.08.02"]
[Round "2.23"]
[White "Shchukin, Maksim"]
[Black "Russkikh, Nikita"]
[Result "1/2-1/2"]
[WhiteElo "1820"]
[BlackElo "2060"]
[PlyCount "95"]
[EventDate "2015.08.??"]
[EventType "team-swiss"]

1. e4 d5 2. exd5 Qxd5 3. Nc3 Qd8 4. d4 Nf6 5. Nf3 e6 6. Bc4 Be7 7. O-O O-O 8.
Bg5 Nbd7 9. Qe2 a6 10. Rfe1 b5 11. Bb3 c5 12. dxc5 Nxc5 13. Rad1 Qc7 14. Nd5
Nxd5 15. Bxd5 Ra7 16. Bxe7 Qxe7 17. a3 Qf6 18. b4 Na4 19. Qe3 Rc7 20. Bb3 Nb2
21. Rd4 Nc4 22. Bxc4 Rxc4 23. Rxc4 bxc4 24. Ne5 Bb7 25. f3 Qf5 26. Re2 Bd5 27.
g4 Qf6 28. Nd7 Qxf3 29. Nxf8 Qh1+ 30. Kf2 Qxh2+ 31. Ke1 Qh4+ 32. Rf2 Qe7 33.
Nxh7 Kxh7 34. Rh2+ Kg8 35. Qh3 f6 36. Qh7+ Kf7 37. g5 Qd6 38. Qh5+ Ke7 39.
gxf6+ gxf6 40. Qh7+ Kd8 41. Qg8+ Kc7 42. Re2 Qf4 43. Qf7+ Kb6 44. Rxe6+ Bxe6
45. Qxe6+ Kb7 46. Qf7+ Ka8 47. Qe8+ Kb7 48. Qd7+ 1/2-1/2

[Event "Team Russia"]
[Site "Petergof"]
[Date "2015.08.02"]
[Round "2.24"]
[White "Khusnutdinova, Alsu"]
[Black "Kiseleva, Ekaterina"]
[Result "1/2-1/2"]
[WhiteElo "2133"]
[BlackElo "1826"]
[PlyCount "131"]
[EventDate "2015.08.??"]
[EventType "team-swiss"]

1. e4 e5 2. Nf3 d6 3. d4 exd4 4. Nxd4 Nf6 5. Nc3 Be7 6. Bc4 O-O 7. O-O Re8 8.
Re1 a6 9. a4 Nbd7 10. f3 Ne5 11. Bb3 Bf8 12. Bg5 h6 13. Be3 c6 14. Qd2 Bd7 15.
a5 Qc7 16. Nde2 Be6 17. Bxe6 Rxe6 18. b3 Rae8 19. Bb6 Qc8 20. Rad1 Ned7 21. Bf2
Qc7 22. b4 d5 23. Qd4 dxe4 24. Bg3 Qc8 25. Nxe4 c5 26. Qd3 cxb4 27. Nd6 Qc5+
28. Qd4 Bxd6 29. Bxd6 Qxa5 30. Bxb4 Qb6 31. Kf1 Qxd4 32. Rxd4 Rc8 33. c3 Ne5
34. Red1 Nc6 35. Rd6 Nxb4 36. cxb4 Rc6 37. R6d4 Re7 38. Nf4 Rcc7 39. h4 Red7
40. Nh5 Rxd4 41. Nxf6+ gxf6 42. Rxd4 Rc1+ 43. Kf2 Kg7 44. h5 f5 45. Ke3 Rc2 46.
g3 Rh2 47. Rd7 b5 48. Rd6 Rb2 49. Rxa6 Rxb4 50. Rb6 f4+ 51. gxf4 Rb1 52. Ke4 b4
53. f5 Rh1 54. f6+ Kh7 55. Rb7 Kg8 56. Rxb4 Rxh5 57. Rb7 Rc5 58. f4 Rc6 59. Ke5
Re6+ 60. Kf5 Ra6 61. Re7 Ra5+ 62. Re5 Ra8 63. Re7 Ra5+ 64. Kg4 h5+ 65. Kh4 Rf5
66. Re5 1/2-1/2

[Event "Team Russia"]
[Site "Petergof"]
[Date "2015.08.02"]
[Round "2.25"]
[White "Morozov, Egor"]
[Black "Minko, Vladimir"]
[Result "1-0"]
[WhiteElo "2262"]
[BlackElo "2268"]
[PlyCount "61"]
[EventDate "2015.08.??"]
[EventType "team-swiss"]

1. e4 c5 2. Nf3 e6 3. d4 cxd4 4. Nxd4 Nc6 5. Nxc6 bxc6 6. Bd3 Nf6 7. O-O d5 8.
Nd2 a5 9. c4 Qc7 10. Re1 Bd6 11. h3 O-O 12. Qe2 Nd7 13. Nf3 Nc5 14. e5 Be7 15.
Bc2 Ba6 16. b3 dxc4 17. bxc4 Rab8 18. Ng5 h6 19. Nh7 Rfd8 20. Nf6+ Kf8 21. Bxh6
Bxf6 22. exf6 gxh6 23. Qg4 Ke8 24. Qh5 Qd6 25. Bg6 Rb7 26. Rad1 Qf8 27. Be4 Rb6
28. Qe5 Rc8 29. Rd6 Nxe4 30. Rxe4 Rd8 31. Rxe6+ 1-0

[Event "Team Russia"]
[Site "Petergof"]
[Date "2015.08.02"]
[Round "2.26"]
[White "Maslov, Ivan"]
[Black "Yashmetov, Mikhail"]
[Result "0-1"]
[WhiteElo "2264"]
[BlackElo "2183"]
[PlyCount "66"]
[EventDate "2015.08.??"]
[EventType "team-swiss"]

1. d4 Nf6 2. c4 g6 3. Nc3 d5 4. Nf3 Bg7 5. Qb3 dxc4 6. Qxc4 O-O 7. e4 c6 8. Be2
Nbd7 9. O-O Nb6 10. Qb3 Qc7 11. g3 Be6 12. Qc2 Rad8 13. Bf4 Qc8 14. Rac1 h6 15.
Rfd1 g5 16. Be5 Nbd7 17. Qa4 Nxe5 18. Nxe5 Qb8 19. Qb4 Rfe8 20. Bc4 Bxc4 21.
Qxc4 e6 22. f4 Nd7 23. Nxd7 Rxd7 24. e5 gxf4 25. gxf4 f5 26. Ne2 Kh7 27. b4 a6
28. a4 Qd8 29. b5 cxb5 30. axb5 a5 31. Rc3 Bf8 32. Rh3 Rg7+ 33. Kf1 Qd5 0-1

[Event "Team Russia"]
[Site "Petergof"]
[Date "2015.08.02"]
[Round "2.27"]
[White "Volkov, Roman"]
[Black "Voloshin, Pavel"]
[Result "1/2-1/2"]
[WhiteElo "1928"]
[BlackElo "2053"]
[PlyCount "80"]
[EventDate "2015.08.??"]
[EventType "team-swiss"]

1. e4 e6 2. d4 d5 3. Nd2 c5 4. Ngf3 cxd4 5. Nxd4 Nf6 6. exd5 Qxd5 7. N2f3 Bc5
8. Be2 O-O 9. O-O a6 10. c4 Qd8 11. b3 b6 12. Bb2 Bb7 13. a3 Nbd7 14. b4 Be7
15. Qb3 Qc7 16. Rad1 Rfd8 17. h3 Nh5 18. Rfe1 Nf4 19. Bf1 Bf6 20. g3 Ng6 21.
Qe3 Nde5 22. Nd2 Nc6 23. N2f3 Nxd4 24. Bxd4 Bxd4 25. Rxd4 Rxd4 26. Nxd4 Rd8 27.
Rc1 Ne5 28. Be2 Nc6 29. Nb5 Qb8 30. Nc3 Nd4 31. Rd1 Nxe2+ 32. Qxe2 Rxd1+ 33.
Qxd1 Qc7 34. Qd4 h5 35. Ne4 Bxe4 36. Qxe4 a5 37. Qd4 axb4 38. axb4 Kf8 39. c5
bxc5 40. bxc5 g6 1/2-1/2

[Event "Team Russia"]
[Site "Petergof"]
[Date "2015.08.02"]
[Round "2.28"]
[White "Robish, Alisa"]
[Black "Dimitrova, Aleksandra"]
[Result "0-1"]
[WhiteElo "1404"]
[BlackElo "2134"]
[PlyCount "78"]
[EventDate "2015.08.??"]
[EventType "team-swiss"]

1. e4 c5 2. Nf3 e6 3. d4 cxd4 4. Nxd4 Nf6 5. Nc3 Nc6 6. Ndb5 Bb4 7. a3 Bxc3+ 8.
Nxc3 d5 9. exd5 exd5 10. Bd3 O-O 11. O-O d4 12. Ne4 Bf5 13. Bg5 Bxe4 14. Bxe4
h6 15. Bxf6 Qxf6 16. Re1 Rac8 17. Qf3 Qd6 18. Rad1 Rfe8 19. Bxc6 Rxe1+ 20. Rxe1
Qxc6 21. Qxc6 Rxc6 22. Rc1 d3 23. c3 Rb6 24. b4 Ra6 25. Ra1 d2 26. Kf1 Rxa3 27.
Rd1 Rxc3 28. Rxd2 Rc7 29. Ke2 Kf8 30. Ke3 Ke7 31. h3 Ke6 32. f4 Rc4 33. b5 b6
34. Kf3 Ra4 35. g4 Ra3+ 36. Ke4 Rxh3 37. f5+ Kf6 38. Rd6+ Ke7 39. Kd5 Rd3+ 0-1

[Event "Team Russia"]
[Site "Petergof"]
[Date "2015.08.02"]
[Round "2.29"]
[White "Zaozerskih, Sergey"]
[Black "Chibukhchyan, Erik"]
[Result "0-1"]
[WhiteElo "1902"]
[BlackElo "1839"]
[PlyCount "160"]
[EventDate "2015.08.??"]
[EventType "team-swiss"]

1. e4 e5 2. Nf3 Nc6 3. Nc3 Nf6 4. d4 Bb4 5. d5 Bxc3+ 6. bxc3 Nb8 7. Bd3 d6 8.
h3 h6 9. Be3 Nbd7 10. O-O O-O 11. Qd2 Qe7 12. c4 Nc5 13. Bxc5 dxc5 14. Nh2 g5
15. Qe2 Ne8 16. Rfe1 Nd6 17. Qe3 b6 18. h4 f6 19. Nf1 Bd7 20. Qe2 Qg7 21. h5 g4
22. Ng3 Qg5 23. Qe3 Kf7 24. Qxg5 hxg5 25. f3 Rh8 26. Kf2 Rh6 27. Rh1 a5 28. Ke3
Rah8 29. Rh2 Ke7 30. Rah1 Bc8 31. Nf5+ Bxf5 32. exf5 gxf3 33. g4 e4 34. Bxe4
Nxc4+ 35. Kxf3 Kd6 36. Rd1 Ne5+ 37. Kg3 a4 38. Re2 Ra8 39. a3 Ra5 40. Rb1 Nc4
41. Rd1 b5 42. c3 Rh7 43. Bf3 Ne5 44. Rb1 Rh8 45. Be4 Rb8 46. Rh2 Nc4 47. Ra2
Re8 48. Bf3 Re3 49. Re2 Rxe2 50. Bxe2 Nxa3 51. Ra1 b4 52. h6 Ra8 53. cxb4 cxb4
54. Rc1 Rh8 55. Rc6+ Kxd5 56. Rxf6 b3 57. Bf3+ Kd4 58. Ra6 b2 59. Rxa4+ Kc5 60.
Be4 b1=Q 61. Bxb1 Nxb1 62. Ra5+ Kd6 63. f6 Rxh6 64. Rf5 Rh8 65. Rxg5 Rf8 66.
Rf5 Nc3 67. g5 Ke6 68. Kg4 Nd5 69. Rxd5 Kxd5 70. Kf5 Re8 71. f7 Re1 72. Kf6
Rf1+ 73. Ke7 Re1+ 74. Kd8 Rf1 75. g6 Ke6 76. Ke8 Ra1 77. Kf8 Ra8+ 78. Kg7 Ke7
79. Kh7 c5 80. Kg7 c4 0-1

[Event "Team Russia"]
[Site "Petergof"]
[Date "2015.08.02"]
[Round "2.30"]
[White "Ufimtsev, Egor"]
[Black "Bregman, Ilya"]
[Result "1/2-1/2"]
[WhiteElo "1883"]
[BlackElo "1695"]
[PlyCount "102"]
[EventDate "2015.08.??"]
[EventType "team-swiss"]

1. c4 c6 2. Nf3 d5 3. d4 Nf6 4. Qc2 g6 5. Bf4 Bg7 6. e3 O-O 7. Bd3 dxc4 8. Bxc4
Bf5 9. Qb3 b5 10. Be2 Qa5+ 11. Nc3 Be6 12. Qa3 Qxa3 13. bxa3 Nbd7 14. O-O Nd5
15. Nxd5 Bxd5 16. Rfc1 Rac8 17. Rc2 Bxf3 18. gxf3 e5 19. dxe5 Nxe5 20. Rac1
Rfd8 21. Kg2 a6 22. a4 b4 23. Rc5 Nd3 24. Bxd3 Rxd3 25. Rxc6 Rxc6 26. Rxc6 h5
27. Rxa6 Ra3 28. Ra8+ Kh7 29. Bd6 Bc3 30. a5 Rxa2 31. Rb8 Rxa5 32. Bxb4 Bxb4
33. Rxb4 Rg5+ 34. Kf1 Rf5 35. f4 Kg7 36. Kg2 Kf6 37. Kg3 Rc5 38. Rb6+ Kg7 39.
e4 Rc3+ 40. f3 Rc2 41. Rb5 Re2 42. f5 h4+ 43. Kxh4 Rxh2+ 44. Kg3 Rh5 45. f6+
Kxf6 46. Rxh5 gxh5 47. f4 Kg6 48. Kh4 f6 49. Kh3 Kh6 50. Kg3 Kg7 51. f5 Kh7
1/2-1/2

[Event "Team Russia"]
[Site "Petergof"]
[Date "2015.08.02"]
[Round "2.31"]
[White "Plaksin, Daniil"]
[Black "Ustich, Ekaterina"]
[Result "1/2-1/2"]
[WhiteElo "1627"]
[BlackElo "2082"]
[PlyCount "149"]
[EventDate "2015.08.??"]
[EventType "team-swiss"]

1. e4 e5 2. Nf3 Nc6 3. d4 exd4 4. Nxd4 Bc5 5. Nxc6 bxc6 6. Nc3 a5 7. a3 d6 8.
Be2 Nf6 9. Bg5 Bd7 10. O-O h6 11. Bf4 Qe7 12. Bd3 Ng4 13. Qe2 Qf6 14. Bg3 h5
15. h3 h4 16. Bh2 Nxh2 17. Kxh2 Qf4+ 18. Kh1 Bd4 19. Qf3 Qxf3 20. gxf3 Bxh3 21.
Rg1 g6 22. Nd1 Be6 23. c3 Be5 24. Ne3 Rb8 25. Nd1 h3 26. Rb1 h2 27. Re1 Rh3 28.
Be2 Bb3 29. Kg2 Rh7 30. Bd3 Ke7 31. Kh1 Rh5 32. Rf1 Bf4 33. Re1 Rg5 34. Ne3 Ba2
35. Ra1 Be6 36. Re2 Bh3 37. Rb1 Rh8 38. Rbe1 Rhh5 39. Rc2 Bxe3 40. fxe3 Rg3 41.
Rf2 Rhg5 42. Ree2 Be6 43. Rd2 Rh5 44. Rd1 g5 45. Rdf1 Bh3 46. Re1 g4 47. Kxh2
Rxf3 48. Rxf3 gxf3 49. Kg3 Bg2 50. b4 Rg5+ 51. Kf2 axb4 52. axb4 Rh5 53. Kg3
Rh8 54. Ra1 Rh3+ 55. Kf2 Rh2 56. Kg3 Rh1 57. Rxh1 Bxh1 58. Bc2 Ke6 59. Bb3+ Ke5
60. Bxf7 Kxe4 61. Kf2 Kd3 62. c4 Kc3 63. b5 cxb5 64. cxb5 Kb4 65. Be8 Kc5 66.
Bc6 d5 67. Bd7 Bg2 68. Kg3 Bf1 69. Kxf3 Bxb5 70. Bf5 Bc6 71. Ke2 Kc4 72. Kd2
Bb7 73. Kc2 d4 74. exd4 Kxd4 75. Kc1 1/2-1/2

[Event "Team Russia"]
[Site "Petergof"]
[Date "2015.08.02"]
[Round "2.32"]
[White "Kvachko, Anastasiya"]
[Black "Parsegyan, Kseniya"]
[Result "1-0"]
[WhiteElo "1703"]
[BlackElo "1549"]
[PlyCount "45"]
[EventDate "2015.08.??"]
[EventType "team-swiss"]

1. e4 c5 2. Nf3 e6 3. d4 cxd4 4. Nxd4 Nc6 5. Nb5 d6 6. c4 a6 7. N5c3 Nf6 8. Be2
Be7 9. O-O O-O 10. Be3 b6 11. f3 Bd7 12. Na4 Rb8 13. Nbc3 Qc7 14. Rc1 Qb7 15.
a3 Na5 16. Nxb6 Bc6 17. b4 Nxc4 18. Nxc4 d5 19. Na5 Qd7 20. Nxc6 Qxc6 21. Nxd5
Qe8 22. Nxe7+ Qxe7 23. Bc5 1-0

[Event "Team Russia"]
[Site "Petergof"]
[Date "2015.08.02"]
[Round "2.33"]
[White "Shapiro, David"]
[Black "Gurvich, Vitaly"]
[Result "1/2-1/2"]
[WhiteElo "2292"]
[BlackElo "2331"]
[PlyCount "91"]
[EventDate "2015.08.??"]
[EventType "team-swiss"]

1. d4 Nf6 2. Nf3 e6 3. c4 Bb4+ 4. Nbd2 O-O 5. g3 b6 6. Bg2 Bb7 7. O-O d5 8. Ne5
Be7 9. Qa4 c5 10. dxc5 bxc5 11. cxd5 exd5 12. Ndf3 Qb6 13. Rd1 Nc6 14. Bg5 Rfd8
15. Ng4 Ne4 16. Bxe7 Nxe7 17. Nd2 Nxd2 18. Rxd2 Rac8 19. Rc1 Nf5 20. Ne5 Nd4
21. Qd1 Re8 22. Nf3 Ne6 23. b3 a5 24. e3 c4 25. Nd4 Nxd4 26. Rxd4 cxb3 27. Rxc8
Rxc8 28. axb3 g6 29. Bxd5 Bxd5 30. Rxd5 Rb8 31. Qd3 h5 32. h4 Qxb3 33. Qxb3
Rxb3 34. Rxa5 Rb2 35. Kg2 Kg7 36. Kf3 Rc2 37. e4 Rb2 38. Ke3 Rb3+ 39. Kf4 Rb4
40. Ra7 Rc4 41. f3 Kf6 42. Ke3 Rc3+ 43. Kf2 Rc2+ 44. Kf1 Rb2 45. e5+ Ke6 46.
Ra6+ 1/2-1/2

[Event "Team Russia"]
[Site "Petergof"]
[Date "2015.08.02"]
[Round "2.34"]
[White "Mikhailovsky, Vladimir"]
[Black "Gusarov, Aleksey"]
[Result "1/2-1/2"]
[WhiteElo "2231"]
[BlackElo "2003"]
[PlyCount "61"]
[EventDate "2015.08.??"]
[EventType "team-swiss"]

1. e4 c5 2. Nf3 Nc6 3. Bb5 g6 4. Bxc6 dxc6 5. h3 Bg7 6. d3 Nf6 7. O-O O-O 8.
Nc3 Re8 9. Be3 b6 10. Qd2 e5 11. a4 a5 12. Bh6 Bh8 13. Nh2 Nh5 14. Rae1 Ra7 15.
Ne2 Bf6 16. b3 Qd6 17. Ng4 Bxg4 18. hxg4 Ng7 19. Bxg7 Bxg7 20. g3 Qe6 21. f3
Rd7 22. Qe3 Bf8 23. Kg2 f6 24. Rh1 h6 25. Nc3 Kf7 26. Rb1 Qd6 27. Ne2 Qe6 28.
Nc3 Qd6 29. Ne2 Qe6 30. Nc3 Qd6 31. Ne2 1/2-1/2

[Event "Team Russia"]
[Site "Petergof"]
[Date "2015.08.02"]
[Round "2.35"]
[White "Serov, Danila"]
[Black "Aleksandrovskiy, Dmitriy"]
[Result "1/2-1/2"]
[WhiteElo "1970"]
[BlackElo "2207"]
[PlyCount "68"]
[EventDate "2015.08.??"]
[EventType "team-swiss"]

1. Nf3 g6 2. g3 Bg7 3. Bg2 e5 4. d3 Nc6 5. O-O f5 6. c4 Nf6 7. Nc3 O-O 8. Rb1
a5 9. a3 Qe7 10. Bg5 d6 11. b4 axb4 12. axb4 Be6 13. Nd2 Nd8 14. e3 Qf7 15. Qe2
h6 16. Bxf6 Bxf6 17. Rfc1 g5 18. Nd5 Bg7 19. b5 f4 20. exf4 exf4 21. gxf4 gxf4
22. Qf3 c6 23. bxc6 Nxc6 24. Re1 Nd4 25. Qe4 f3 26. Bh3 Bxh3 27. Ne7+ Kh8 28.
Ng6+ Qxg6+ 29. Qxg6 Rg8 30. Kh1 Bg2+ 31. Kg1 Bh3 32. Kh1 Bg2+ 33. Kg1 Bh3 34.
Kh1 Bg2+ 1/2-1/2

[Event "Team Russia"]
[Site "Petergof"]
[Date "2015.08.02"]
[Round "2.36"]
[White "Kruglikova, Viktorija"]
[Black "Alieva, Alexandra"]
[Result "0-1"]
[WhiteElo "1944"]
[BlackElo "1963"]
[PlyCount "62"]
[EventDate "2015.08.??"]
[EventType "team-swiss"]

1. d4 d5 2. c4 e6 3. Nf3 Nf6 4. e3 c6 5. Nbd2 Bd6 6. Bd3 Nbd7 7. O-O O-O 8. e4
e5 9. cxd5 exd4 10. dxc6 bxc6 11. Nc4 Qc7 12. Nxd6 Qxd6 13. Qc2 Ng4 14. g3 Nde5
15. Nxe5 Nxe5 16. Bf4 Nf3+ 17. Kg2 Qg6 18. e5 Qh5 19. h4 g5 20. Be2 gxh4 21.
Rh1 h3+ 22. Kf1 Bg4 23. Qe4 d3 24. Bxd3 h2 25. Qxh7+ Qxh7 26. Bxh7+ Kxh7 27.
Kg2 Kg7 28. Rac1 Rh8 29. b3 Nd4 30. Rc3 Bh3+ 31. Kxh2 Ne2 0-1

[Event "Team Russia"]
[Site "Petergof"]
[Date "2015.08.02"]
[Round "2.37"]
[White "Schekachikhin, Maksim"]
[Black "Shnajder, Mark"]
[Result "1-0"]
[WhiteElo "2316"]
[BlackElo "2027"]
[PlyCount "33"]
[EventDate "2015.08.??"]
[EventType "team-swiss"]

1. d4 Nf6 2. c4 e6 3. Nc3 Bb4 4. Qc2 b6 5. e4 Bb7 6. Bd3 Bxc3+ 7. bxc3 d6 8. f4
d5 9. cxd5 exd5 10. e5 Ne4 11. Nf3 O-O 12. O-O f5 13. exf6 Qxf6 14. Ng5 Re8 15.
Bxe4 dxe4 16. Qb3+ Kh8 17. Nf7+ 1-0

[Event "Team Russia"]
[Site "Petergof"]
[Date "2015.08.02"]
[Round "2.38"]
[White "Kolbyshev, Sergei"]
[Black "Opanasenko, Mikhail"]
[Result "0-1"]
[WhiteElo "2154"]
[BlackElo "2043"]
[PlyCount "124"]
[EventDate "2015.08.??"]
[EventType "team-swiss"]

1. d4 Nf6 2. Nf3 e6 3. c4 b6 4. a3 Ba6 5. Qc2 Bb7 6. Nc3 c5 7. e3 Bxf3 8. gxf3
cxd4 9. exd4 Nc6 10. Be3 g6 11. Ne4 Nh5 12. Be2 f5 13. Bg5 Be7 14. Nd6+ Kf8 15.
Bh6+ Kg8 16. Nb5 a6 17. d5 axb5 18. dxc6 dxc6 19. Rd1 Qc8 20. cxb5 cxb5 21. Qb3
Kf7 22. Bxb5 Qc5 23. Be3 Qe5 24. Be2 Rhd8 25. Rxd8 Rxd8 26. Qxb6 f4 27. Bc1 Rc8
28. Bd2 Rb8 29. Qa5 Qxb2 30. O-O Qxa3 31. Qxa3 Bxa3 32. Bc3 g5 33. Be5 Rb7 34.
Ra1 Be7 35. Ra6 Bf6 36. Bd6 Ng7 37. Bc4 Bd4 38. Rc6 Rb1+ 39. Kg2 Nf5 40. Ba3
Nh4+ 41. Kh3 Nxf3 42. Bxe6+ Kg7 43. Bd5 g4+ 44. Kxg4 Ne5+ 45. Kxf4 Nxc6 46.
Bxc6 Bxf2 47. Be4 Rb3 48. Bd6 Bd4 49. Kg4 Rb5 50. Bg3 h5+ 51. Kf3 Bf6 52. Bd3
Kh6 53. Be2 Rb3+ 54. Kg2 h4 55. Bf4+ Bg5 56. Bxg5+ Kxg5 57. Kf2 Kf4 58. Bf1
Rb2+ 59. Kg1 Kf3 60. h3 Kg3 61. Kh1 Rb1 62. Kg1 Ra1 0-1

[Event "Team Russia"]
[Site "Petergof"]
[Date "2015.08.02"]
[Round "2.39"]
[White "Chernov, Maksim"]
[Black "Kolmagorov, Alexey"]
[Result "1-0"]
[WhiteElo "2047"]
[BlackElo "1992"]
[PlyCount "67"]
[EventDate "2015.08.??"]
[EventType "team-swiss"]

1. e4 c5 2. Nf3 Nc6 3. d4 cxd4 4. Nxd4 g6 5. c4 d6 6. Nc3 Nf6 7. Be2 Nxd4 8.
Qxd4 Bg7 9. O-O O-O 10. Qd3 Bd7 11. Rb1 Bc6 12. b3 Nd7 13. Bb2 Nc5 14. Qc2 a5
15. Nd5 Bxb2 16. Rxb2 e5 17. Bg4 Bxd5 18. exd5 f5 19. Be2 Qf6 20. Qc3 Kg7 21.
f3 Rfe8 22. Rc2 e4 23. Qxf6+ Kxf6 24. fxe4 Rxe4 25. Bf3 Re3 26. Re2 Rae8 27.
Rxe3 Rxe3 28. Rd1 f4 29. Kf1 Ke5 30. Rd2 Nd3 31. Be2 Kd4 32. Bxd3 Rxd3 33.
Rxd3+ Kxd3 34. c5 1-0

[Event "Team Russia"]
[Site "Petergof"]
[Date "2015.08.02"]
[Round "2.40"]
[White "Miroshnik, Ekaterina"]
[Black "Petrochenko, Maria"]
[Result "1-0"]
[WhiteElo "1786"]
[BlackElo "1997"]
[PlyCount "143"]
[EventDate "2015.08.??"]
[EventType "team-swiss"]

1. d4 d5 2. c4 c6 3. Nc3 e5 4. e3 e4 5. cxd5 cxd5 6. Nge2 Nf6 7. Nf4 Nc6 8. Qb3
Bb4 9. Bb5 Qd6 10. O-O a6 11. Qa4 O-O 12. Bxc6 bxc6 13. Bd2 Rb8 14. a3 Bxc3 15.
Bxc3 g5 16. Ne2 Ng4 17. Ng3 Qg6 18. Bb4 Re8 19. Rac1 Rb5 20. Qc2 Bd7 21. Qe2 f5
22. h3 Nf6 23. Bd6 a5 24. Be5 Rf8 25. Rc2 Ne8 26. Qd2 Nd6 27. Ne2 Nc4 28. Qc1
Re8 29. Bg3 Rb7 30. Nc3 Nb6 31. b3 Rf8 32. Ne2 Nc8 33. Rc5 Ra7 34. Qc3 a4 35.
bxa4 Nb6 36. Ra5 Nxa4 37. Qb4 Rxa5 38. Qxa5 Nb2 39. Qc7 Qe6 40. Rb1 Nc4 41. Rb7
Rf7 42. Qd8+ Be8 43. Qxg5+ Qg6 44. Qxg6+ hxg6 45. Rb8 Rf8 46. a4 Bd7 47. Rb7
Rf7 48. Nc3 Bc8 49. Rb8 Rf8 50. Na2 Ba6 51. Nb4 Rxb8 52. Bxb8 Bb7 53. Bc7 Kf7
54. a5 Ke7 55. a6 Ba8 56. a7 Kd7 57. Na6 Kc8 58. Bb8 Na3 59. Nc5 Nb5 60. Kh2
Nc3 61. h4 Nd1 62. Kg3 Nc3 63. Kf4 Nd1 64. Kg3 Nc3 65. Ne6 Ne2+ 66. Kh2 Nc1 67.
Nf8 Nd3 68. Kg1 c5 69. dxc5 Nxc5 70. Nxg6 Nd7 71. Ne7+ Kd8 72. Nxf5 1-0

[Event "Team Russia"]
[Site "Petergof"]
[Date "2015.08.02"]
[Round "2.41"]
[White "Sinyanskiy, Maxim"]
[Black "Bondarenko, Ivan"]
[Result "0-1"]
[WhiteElo "2102"]
[BlackElo "2062"]
[PlyCount "111"]
[EventDate "2015.08.??"]
[EventType "team-swiss"]

1. e4 c5 2. Nf3 e6 3. d4 cxd4 4. Nxd4 a6 5. Bd3 Qc7 6. O-O Nf6 7. Qe2 d6 8. c4
Be7 9. b3 O-O 10. Bb2 Nbd7 11. Nc3 b6 12. Rad1 Ne5 13. Bb1 Re8 14. f4 Ng6 15.
Kh1 Bf8 16. h3 Bb7 17. Qc2 Rac8 18. Qd3 Qb8 19. Rde1 Qa8 20. Qg3 Nh5 21. Qf3
Nf6 22. Na4 Nd7 23. Qf2 e5 24. fxe5 Ngxe5 25. Nf3 Nxf3 26. Qxf3 f6 27. Qg4 Bc6
28. Nc3 g6 29. h4 Ne5 30. Qg3 Bg7 31. Nd5 Bxd5 32. exd5 b5 33. Bxe5 dxe5 34.
Bd3 e4 35. Bxe4 bxc4 36. h5 Re5 37. hxg6 Rh5+ 38. Kg1 f5 39. gxh7+ Kh8 40. Rxf5
Qa7+ 41. Re3 Rxf5 42. Bxf5 Re8 43. Be6 c3 44. Kh1 c2 45. Rc3 Qd4 46. Rc7 Qa1+
47. Kh2 Be5 48. Rxc2 Bxg3+ 49. Kxg3 Qe5+ 50. Kh3 Kxh7 51. Rc4 Kg7 52. Rg4+ Kf6
53. Rh4 Ke7 54. Rh7+ Kd6 55. Rd7+ Kc5 56. Rf7 0-1

[Event "Team Russia"]
[Site "Petergof"]
[Date "2015.08.02"]
[Round "2.42"]
[White "Golikov, Daniil"]
[Black "Stasenko, Alexey"]
[Result "1-0"]
[WhiteElo "1995"]
[BlackElo "2092"]
[PlyCount "93"]
[EventDate "2015.08.??"]
[EventType "team-swiss"]

1. d4 Nf6 2. c4 c5 3. e3 cxd4 4. exd4 d5 5. Nc3 Nc6 6. Nf3 g6 7. cxd5 Nxd5 8.
Bc4 Nb6 9. Bb5 Bg7 10. O-O O-O 11. Bxc6 bxc6 12. h3 Nd5 13. Ne4 Qb6 14. b3 Bf5
15. Nc5 Rad8 16. Na4 Qb4 17. Bd2 Qd6 18. Ba5 Rb8 19. Qd2 Nb4 20. Bxb4 Rxb4 21.
Rac1 Rb5 22. Qe3 Rc8 23. Rfe1 Be6 24. Nc5 Bd5 25. Ne5 f5 26. f4 Rd8 27. Qc3 g5
28. fxg5 Bf7 29. Kh1 Bd5 30. a4 Rbb8 31. a5 e6 32. a6 Re8 33. Red1 Qe7 34. Qg3
Rbc8 35. h4 Kh8 36. Qf4 Bf8 37. h5 Qc7 38. Rc3 Bd6 39. g6 Re7 40. Qg5 Bxe5 41.
dxe5 Rg7 42. Rg3 Rcg8 43. Rxd5 exd5 44. Ne6 Qe7 45. Qf6 Re8 46. Nxg7 Qxf6 47.
exf6 1-0

[Event "Team Russia"]
[Site "Petergof"]
[Date "2015.08.02"]
[Round "2.43"]
[White "Reshetnikov, Ruslan"]
[Black "Shinkevich, Maksim"]
[Result "1-0"]
[WhiteElo "2149"]
[BlackElo "1987"]
[PlyCount "69"]
[EventDate "2015.08.??"]
[EventType "team-swiss"]

1. Nf3 Nf6 2. c4 g6 3. Nc3 Bg7 4. e4 d6 5. d4 O-O 6. Be2 e5 7. d5 a5 8. Bg5 h6
9. Be3 Na6 10. Nd2 Nh7 11. a3 f5 12. f3 Bd7 13. Rb1 Nc5 14. b4 axb4 15. axb4
Na4 16. Nxa4 Rxa4 17. c5 Ra3 18. Nc4 Rxe3 19. Nxe3 fxe4 20. O-O Qg5 21. Qd2 Bh3
22. Rbd1 Rf4 23. Kh1 exf3 24. Rxf3 Rd4 25. Qa2 Bd7 26. Qa8+ Nf8 27. Rdf1 Rf4
28. Rg3 Qh4 29. Qxb7 Rxb4 30. Qxc7 dxc5 31. Rxf8+ Kxf8 32. Qxd7 Qf6 33. Rf3 Rf4
34. d6 Rxf3 35. Qc8+ 1-0

[Event "Team Russia"]
[Site "Petergof"]
[Date "2015.08.02"]
[Round "2.44"]
[White "Pankova, Julia"]
[Black "Zajtzeva, Viktoria"]
[Result "1/2-1/2"]
[WhiteElo "1681"]
[BlackElo "1944"]
[PlyCount "85"]
[EventDate "2015.08.??"]
[EventType "team-swiss"]

1. e4 c5 2. Nf3 e6 3. d4 cxd4 4. Nxd4 Nc6 5. Nc3 Qc7 6. Be2 a6 7. O-O Nf6 8.
Be3 Bb4 9. Nxc6 bxc6 10. Qd4 a5 11. Bg5 e5 12. Qe3 Be7 13. Qg3 d6 14. Rad1 O-O
15. f4 Kh8 16. fxe5 dxe5 17. Qh4 Ng8 18. Bxe7 Nxe7 19. Kh1 Be6 20. Qf2 Qb7 21.
Qc5 Ng6 22. Na4 Nf4 23. Bc4 Qb4 24. Qxb4 axb4 25. Bxe6 Nxe6 26. b3 Ng5 27. Rfe1
Rfd8 28. Nc5 h6 29. h4 Ne6 30. Rxd8+ Rxd8 31. Nxe6 fxe6 32. Re2 Kg8 33. Kg1 Kf7
34. Kf2 Ke7 35. Ke3 Rd1 36. Rd2 Rh1 37. g3 Rg1 38. Kf3 c5 39. Kf2 Rh1 40. Kf3
Rb1 41. c3 bxc3 42. Rc2 Rb2 43. Rxc3 1/2-1/2